000
00303nam a22001337a 4500
020
_a
0-13-055070-1
082
_a
629.8317 KUO'A
100
_a
KUO, BENJAMIN C
_9
44545
245
_a
AUTOMOTIC CONTROL SYSTEMS
250
_a
5TH
260
_a
LONDON
_b
PRENTICE HALL
_c
1987
300
_a
720P
942
_c
BK
999
_c
574572
_d
574572